000 00910nam a2200229 i 4500
001 165651
003 ES-MaACL
005 20250817030024.0
008 960520q18601875sp |||| | spa d
040 _aCLM
_bspa
_cCCPB | SIC
080 _a821.133.1-31"18"
100 1 _aSouvestre, Émile,
_d1806-1854
_9107604
245 1 0 _aLo que será el mundo en el año tres mil /
_cpor Emilio Souvestre: traducción de F.N.
260 _aMadrid :
_bLibreria de Cuesta,
_c[s.a.] (
_fImprenta de la Biblioteca de Instrucción y Recreo)
300 _a268, [3] p. ;
_c18 cm.
490 1 _aBiblioteca de Instrucción y Recreo
596 _aFecha de imp. deducida a partir de otras obras de la misma colección: 1860-1875.
700 1 _aOrtiz de la Puebla, Vicente.
_987594
830 0 0 _aBiblioteca de instrucción y recreo
_9182429
852 _aES-MaACL
_jD-3123
_z-- Enc. hol.
999 _c165651
_d165651